[Event "Baden-ch U16"]
[Site "Schoeneck"]
[Date "2009.01.04"]
[Round "5"]
[White "Prautzsch, Simon"]
[Black "Heimers, Philipp"]
[Result "0-1"]
[WhiteElo "1196"]
[BlackElo "1567"]
[PlyCount "78"]
[EventDate "2009.01.02"]
[EventType "swiss"]
[EventRounds "7"]
[EventCountry "GER"]
[SourceTitle "EXT 2010"]
[Source "ChessBase"]
[SourceDate "2010.11.25"]
[SourceVersion "1"]
[SourceVersionDate "2010.11.25"]
[SourceQuality "1"]

1. d4 Nf6 2. Nf3 e6 3. e3 d5 4. Bd3 c5 5. c3 Nbd7 6. 0-0 Bd6 7. Nbd2 0-0 8. Re1 b6 9. e4 dxe4 10. Nxe4 Nxe4 11. Bxe4 Rb8 12. d5 exd5 13. Bxd5 Qc7 14. Be4 Nf6 15. Bd3 Bb7 16. h3 Rbd8 17. c4 Be4 18. Re3 Bf4 19. Rxe4 Nxe4 20. Qc2 Nf6 21. Ng5 h6 22. Ne4 Nxe4 23. Bxe4 Rfe8 24. Bxf4 Qxf4 25. Bd3 Re7 26. Rd1 Rde8 27. Qc3 Re6 28. Bc2 Re2 29. Rf1 Qd2 30. Ba4 Qxc3 31. bxc3 R8e7 32. Bb3 Re1 33. g3 f6 34. Kg2 Kf8 35. f4 R7e2+ 36. Rf2 Rxf2+ 37. Kxf2 Rc1 38. g4 g5 39. fxg5 fxg5 0-1

[Event "Baden-ch U16"]
[Site "Schoeneck"]
[Date "2009.01.02"]
[Round "1"]
[White "Cofman, Veaceslav"]
[Black "Heimers, Philipp"]
[Result "1-0"]
[WhiteElo "1896"]
[BlackElo "1567"]
[PlyCount "61"]
[EventDate "2009.01.02"]
[EventType "swiss"]
[EventRounds "7"]
[EventCountry "GER"]
[SourceTitle "EXT 2010"]
[Source "ChessBase"]
[SourceDate "2010.11.25"]
[SourceVersion "1"]
[SourceVersionDate "2010.11.25"]
[SourceQuality "1"]

1. Nf3 c5 2. d4 cxd4 3. Nxd4 Nc6 4. c4 g6 5. Nc3 Bg7 6. e3 Nf6 7. Be2 0-0 8. 0-0 d5 9. cxd5 Nxd5 10. Bf3 Nxd4 11. exd4 Be6 12. Re1 Re8 13. Be3 Qd7 14. Ne4 Nxe3 15. fxe3 Bd5 16. Nc5 Bxf3 17. Qxf3 Qc6 18. Rac1 Qxf3 19. gxf3 b6 20. Na6 Rac8 21. Nc7 Red8 22. Nb5 a6 23. Na7 Rxc1 24. Rxc1 Rd7 25. Rc8+ Bf8 26. Nc6 f6 27. d5 Kf7 28. Nd8+ Rxd8 29. Rxd8 Bh6 30. Kf2 f5 31. Rb8 1-0

[Event "Apolda op 16th"]
[Site "Apolda"]
[Date "2007.08.23"]
[Round "1"]
[White "Kritz, Leonid"]
[Black "Heimers, Philipp"]
[Result "1-0"]
[WhiteElo "2571"]
[BlackElo "1888"]
[PlyCount "47"]
[EventDate "2007.08.23"]
[EventType "swiss"]
[EventRounds "7"]
[EventCountry "GER"]
[SourceTitle "CBM 120 Extra"]
[Source "ChessBase"]
[SourceDate "2007.11.01"]
[SourceVersion "1"]
[SourceVersionDate "2007.11.01"]
[SourceQuality "1"]

1. e4 e6 2. d4 d5 3. Nc3 Nf6 4. e5 Nfd7 5. f4 c5 6. Nf3 Nc6 7. Be3 a6 8. Qd2 b5 9. a3 Bb7 10. Be2 Qb6 11. Nd1 cxd4 12. Nxd4 Nxd4 13. Bxd4 Bc5 14. c3 0-0 15. Ne3 Bxd4 16. cxd4 f6 17. Bf3 fxe5 18. fxe5 Rac8 19. 0-0 Bc6 20. Bg4 Bb7 21. h4 Rxf1+ 22. Rxf1 Qc6 23. Qb4 Qb6 24. Qe7 1-0

[Event "Verbandsliga Sued Baden 0506"]
[Site "Germany"]
[Date "2006.05.07"]
[Round "9.8"]
[White "Heimers, Philipp"]
[Black "Reis, Hans Helmut"]
[Result "1/2-1/2"]
[WhiteElo "1156"]
[BlackElo "1976"]
[PlyCount "88"]
[EventDate "2005.10.16"]
[EventType "team"]
[EventRounds "9"]
[EventCountry "GER"]
[SourceTitle "EXT 2007"]
[Source "ChessBase"]
[SourceDate "2006.11.23"]
[SourceVersion "1"]
[SourceVersionDate "2006.11.23"]
[SourceQuality "1"]
[WhiteTeam "Villingen"]
[BlackTeam "Kehl"]
[WhiteTeamCountry "GER"]
[BlackTeamCountry "GER"]

1. d4 d5 2. Nf3 Nf6 3. e3 c6 4. Bd3 Bg4 5. Nbd2 e6 6. 0-0 Nbd7 7. c4 Rc8 8. Qb3 Qb6 9. Qxb6 Nxb6 10. Ne5 Bh5 11. c5 Nbd7 12. Ndf3 Nxe5 13. Nxe5 Nd7 14. Nxd7 Kxd7 15. b4 b6 16. a3 Bg6 17. Bxg6 hxg6 18. f4 f5 19. g3 Be7 20. Bd2 g5 21. Rf2 Bf6 22. Rg2 g4 23. Bc3 bxc5 24. bxc5 Rb8 25. Rb2 Rxb2 26. Bxb2 Rb8 27. Bc1 Bd8 28. Kf2 Ba5 29. Ra2 Rb1 30. Rc2 Kc8 31. Ke2 Kb7 32. Rb2+ Rxb2+ 33. Bxb2 Ka6 34. Kd3 Kb5 35. Bc3 Bd8 36. Kc2 Kc4 37. Bb4 g5 38. Be1 Bf6 39. Bf2 a5 40. Be1 a4 41. Bf2 Bd8 42. Be1 Be7 43. Bf2 Bf6 44. Be1 gxf4 1/2-1/2